| 000 | 00583nam a2200205Ia 4500 | ||
|---|---|---|---|
| 005 | 20240415150920.0 | ||
| 008 | 131103s9999 xx 000 0 und d | ||
| 020 |
_a8173911983 _cRs.595.00 |
||
| 040 | _aLoreto College | ||
| 041 | _aEnglish | ||
| 082 |
_a370.15 _bADV |
||
| 245 |
_aAdvanced Educational Psychology _cEdited by Tara Chand and Ravi Prakash |
||
| 260 |
_aNew Delhi _bKanishka Publishers, Distributors _c2008 |
||
| 300 | _av,392p. | ||
| 504 | _aIncludes index | ||
| 650 | _aEducational psychology | ||
| 700 | _aChand, Tara, ed. | ||
| 850 | _aLCBED | ||
| 942 | _cBK | ||
| 999 |
_c36967 _d87446 |
||